| 000 | 01056nam a22003257a 4500 | ||
|---|---|---|---|
| 003 | CHAP | ||
| 005 | 20220329140008.0 | ||
| 008 | 971013s1991 r 00010 d | ||
| 010 | _a45226 | ||
| 011 | _a46198 | ||
| 035 | _a50339 | ||
| 040 | _cCHAP | ||
| 082 |
_a589.222 _bP4 |
||
| 100 | 0 | 0 |
_aPérez Silva, Evangelina. _990026 |
| 245 | _aIconografía de macromicetos de México I Amanita | ||
| 260 |
_aMéxico, D.F. : _bUNAM. Instituto de Biología, _c1991 |
||
| 300 | _a136 p. | ||
| 490 |
_aUNAM. Publicaciones especiales _v; 6 |
||
| 590 |
_aBATCH-UPD _b10 _c20130110 _lUCH01 _h1513 |
||
| 590 |
_aBATCH-UPD _b10 _c20130410 _lUCH01 _h0929 |
||
| 590 |
_aBATCH-UPD _b10 _c20130914 _lUCH01 _h0301 |
||
| 590 |
_aCONVERSION _b10 _c20130109 _lUCH01 _h1325 |
||
| 650 | 1 | 4 |
_aAmanita. _95094 |
| 650 | 1 | 4 |
_aBotánica _xIlustraciones. _914558 |
| 700 | 0 |
_aHerrera Suárez, Teófilo. _954946 |
|
| 830 | 0 |
_aUNAM. Publicaciones especiales _v; 6 _9116117 |
|
| 901 | _aBK | ||
| 942 | _cLIBRO | ||
| 949 |
_a589.222 P4 _bBC _cC _d33724000496691 _eC _gI.c/e _h89397 _i50339 _si _t70.00 |
||
| 999 |
_c45226 _d45226 |
||